LaLiga Teams 2025/26 - Statistics

General Stats
  • This quiz has been taken 218 times
  • The average score is 15 of 20
Answer Stats
Answer % Correct
FC Barcelona
99%
Real Madrid
99%
Atlético de Madrid
95%
Valencia CF
86%
Real Betis Balompié
85%
Real Sociedad
82%
Sevilla FC
82%
Athletic Bilbao
81%
Getafe CF
75%
Girona FC
73%
RCD Espanyol
72%
Villarreal CF
71%
RCD Mallorca
69%
Celta de Vigo
67%
Rayo Vallecano
67%
CA Osasuna
63%
Deportivo Alavés
63%
Real Oviedo
62%
Levante UD
60%
Elche CF
59%
No matching quizzes found
Score Distribution
Percent of People with Each Score
Percentile by Number Answered
Your Score History
You have not taken this quiz